[Event "Canadian op U2000"]
[Site "Kitchener"]
[Date "2006.07.21"]
[Round "7"]
[White "McKay, Brian"]
[Black "McClelland, Tom"]
[Result "1/2-1/2"]
[WhiteElo "1720"]
[BlackElo "1820"]
[PlyCount "60"]
[EventDate "2006.07.15"]
[EventType "swiss"]
[EventRounds "9"]
[EventCountry "CAN"]
[SourceTitle "CBM 113 Extra"]
[Source "ChessBase"]
[SourceDate "2006.09.14"]
[SourceVersion "1"]
[SourceVersionDate "2006.09.14"]
[SourceQuality "1"]

1. d4 Nf6 2. Nf3 g6 3. Bf4 d6 4. h3 Bg7 5. e3 c6 6. Be2 Nbd7 7. 0-0 0-0 8. Nbd2 Re8 9. c3 e5 10. dxe5 dxe5 11. Bg3 h6 12. a4 a5 13. Qc2 e4 14. Nd4 Nb6 15. Rad1 Qe7 16. Qb3 Nfd5 17. Nc4 Nxc4 18. Bxc4 Rd8 19. Rd2 Bxd4 20. Rxd4 Be6 21. Rfd1 b5 22. axb5 a4 23. Qa2 a3 24. bxc6 axb2 25. Qxb2 Nxe3 26. Rxd8+ Rxd8 27. Rxd8+ Qxd8 28. Bxe6 Qd1+ 29. Kh2 Nf1+ 30. Kg1 Ne3+ 1/2-1/2

[Event "Canadian op U2000"]
[Site "Kitchener"]
[Date "2006.07.16"]
[Round "2"]
[White "McClelland, Tom"]
[Black "Luiting, Larry"]
[Result "1/2-1/2"]
[WhiteElo "1820"]
[BlackElo "1617"]
[PlyCount "50"]
[EventDate "2006.07.15"]
[EventType "swiss"]
[EventRounds "9"]
[EventCountry "CAN"]
[SourceTitle "CBM 113 Extra"]
[Source "ChessBase"]
[SourceDate "2006.09.14"]
[SourceVersion "1"]
[SourceVersionDate "2006.09.14"]
[SourceQuality "1"]

1. e4 c5 2. Nf3 d6 3. Bb5+ Bd7 4. Bxd7+ Qxd7 5. 0-0 Nc6 6. c3 Nf6 7. Qe2 g6 8. d4 b6 9. Bg5 Bg7 10. d5 Nd8 11. Re1 h6 12. Bxf6 exf6 13. Na3 0-0 14. Nc4 b5 15. Ne3 Re8 16. Nd2 Nb7 17. Qf3 c4 18. Nc2 Nc5 19. Rab1 Nd3 20. Re2 f5 21. exf5 Rxe2 22. Qxe2 Qxf5 23. Ne3 Qe5 24. b3 Qxc3 25. bxc4 Nf4 1/2-1/2

[Event "Toronto int"]
[Site "Toronto"]
[Date "1984.07.21"]
[Round "1"]
[White "McClelland, Tom"]
[Black "Tierney, Matthew"]
[Result "1-0"]
[WhiteElo "1483"]
[BlackElo "1687"]
[PlyCount "61"]
[EventDate "1984.07.21"]
[EventType "tourn"]
[EventRounds "10"]
[EventCountry "CAN"]
[SourceTitle "EXT 2022"]
[Source "ChessBase"]
[SourceDate "2021.10.06"]
[SourceVersion "1"]
[SourceVersionDate "2021.10.06"]
[SourceQuality "1"]

1. e4 c6 2. c4 e6 3. Nc3 Ne7 4. d4 d5 5. exd5 cxd5 6. Nf3 Nbc6 7. Bg5 dxc4 8. Bxc4 Qb6 9. Qd2 Nf5 10. d5 Qc5 11. dxc6 f6 12. cxb7 Bxb7 13. Bb5+ Kf7 14. Be3 Qc7 15. Rd1 Nd6 16. 0-0 Be7 17. Rfe1 Rhd8 18. Ba4 Nc4 19. Qc2 Ne5 20. Nxe5+ Qxe5 21. Rxd8 Rxd8 22. Qxh7 Bb4 23. Bc2 Rg8 24. Qg6+ Kf8 25. Ba4 Ke7 26. Rd1 Bd6 27. g3 Qa5 28. Rxd6 Kxd6 29. Qf7 Rb8 30. Qd7+ Ke5 31. Qd4+ 1-0